000 00524nam a2200193Ia 4500
005 20250508154621.0
008 008 250505s9999 xx 000 0 eng d
037 _aTextual
040 _aFEDL
_beng
_cFEDL
041 _aeng
_2eng
084 _a301.42, SEN
_qFEDL
100 _aSengupta Nilakshi
245 0 _aEvolution of hindu marriage
260 _aBombay, India
_bPopular Prakashan
_c1965
300 _axvi,191p.
650 _aSociology
942 _cTEXL
_h301.42, SEN
999 _c1351235
_d1351235